LEADER 03513nam 22005413u 450 001 9910789176603321 005 20230803201549.0 035 $a(CKB)3710000000074152 035 $a(EBL)1572174 035 $a(SSID)ssj0001064754 035 $a(PQKBManifestationID)12382826 035 $a(PQKBTitleCode)TC0001064754 035 $a(PQKBWorkID)11052824 035 $a(PQKB)11429591 035 $a(MiAaPQ)EBC1572174 035 $a(EXLCZ)993710000000074152 100 $a20140127d2014|||| u|| | 101 0 $aeng 181 $ctxt 182 $cc 183 $acr 200 10$aDebating Civil-Military Relations in Latin America$b[electronic resource] 210 $aChicago $cSussex Academic Press$d2014 215 $a1 online resource (255 p.) 225 0 $aSussex library of study. The Latin America series Debating civil-military relations in Latin America 300 $aDescription based upon print version of record. 311 $a1-84519-591-4 327 $aFront Cover; About this book; About the Series; Title Page; Copyright; Contents; Prologue: Narci?s Serra; Series Editor's Preface: Carlos Waisman; Acknowledgments; Introduction: Rafael Marti?nez and David R. Mares; Part I: Civil-Military Relations in the Transition to Democracy; Chapter 1: Objectives for Democratic Consolidation in the Armed Forces - Rafael Marti?nez; Part II: Evaluating How Far We Have Come; Chapter 2: Latin American Civil-Military Relations: What Progress Has Been Made? - David Pion-Berlin 327 $aChapter 3: Citizen Security, Democracy and the Civil-Military Relationship - David R. Mares Chapter 4: Latin America and the Military Question Reexamined - Rut Diamint; Part III: New Missions: Threats or Contributors to Consolidation of Democratic Civilian Control?; Chapter 5: The Profile of the Colombian Armed Forces: A Result of the Struggle against Guerrillas, Drug-Trafficking and Terrorism - Alejo Vargas Vela?squez; Chapter 6: The Making of Socialist Soldiers: Radical Populism and Civil-Military Relations in Venezuela, Ecuador and Bolivia - Deborah L. Norden 327 $aChapter 7: Latin America's Increased Role in UN Peace Operations: Current Trends and a Note of Caution - Arturo C. Sotomayor Conclusion:; Appraisal and Challenges - David R. Mares; The Editors and Contributors; Index 330 $aThis study of civil-military relations in Latin America begins by noting that, since 2000, military dictatorships in the region have virtually disappeared, with the political role of the military in many countries dramatically diminished. The book then examines the new types of regimes, including the rise of participatory democracy, the new political orientations, such as the renaissance of the Left in Latin America, and the new missions for the military that have begun to appear. It illustrates how the 2009 military coup in Honduras, the military 606 $aCivil-military relations$zLatin America 606 $aDemocracy$zLatin America 606 $aDemocratization$zLatin America 607 $aLatin America$xPolitics and government$y1948- 615 0$aCivil-military relations 615 0$aDemocracy 615 0$aDemocratization 676 $a322/.5098 700 $aMares$b David R$0596021 701 $aMarti?nez$b Rafael$0153286 801 0$bAU-PeEL 801 1$bAU-PeEL 801 2$bAU-PeEL 906 $aBOOK 912 $a9910789176603321 996 $aDebating Civil-Military Relations in Latin America$93734710 997 $aUNINA LEADER 04524nam 22005415 450 001 9911049166603321 005 20260102120454.0 010 $a1-80146-540-1 010 $a1-80146-539-8 024 7 $a10.19103/AS.2024.0138 035 $a(MiAaPQ)EBC32013478 035 $a(Au-PeEL)EBL32013478 035 $a(CKB)38481444100041 035 $a(OCoLC)1500150490 035 $a(DE-He213)978-1-80146-540-3 035 $a(iGPub)BDSP0000005 035 $a(EXLCZ)9938481444100041 100 $a20260102d2025 u| 0 101 0 $aeng 135 $aurcnu|||||||| 181 $ctxt$2rdacontent 182 $cc$2rdamedia 183 $acr$2rdacarrier 200 10$aAdvances in organic dairy cattle farming /$fedited by Mette Vaarst, Stephen Roderick, Lindsay Whistance 205 $a1st ed. 2025. 210 1$aCambridge, UK :$cBurleigh Dodds Science Publishing Limited :$cImprint: Burleigh Dodds Science Publishing,$d2025. 215 $a1 online resource (375 pages) 225 1 $aBurleigh Dodds Series in Agricultural Science,$x2059-6944 ;$v153 311 08$a1-80146-538-X 320 $aIncludes bibliographical references and index. 327 $aAdvances in organic dairy cattle farming -- Contents -- Series list -- Chapter 1. Organic dairy farming in Europe: building on the past to develop the future -- Part 1. Production and applications of black soldier flies -- Chapter 2. Organic dairy cattle breeding: possibilities and challenges -- Chapter 3. Optimizing soils, pasture and grassland management for organic dairy farming -- Chapter 4. Assessing milk quality from organic production -- Part 2. Production and application of yellow mealworms and other insects -- Chapter 5. The value of One Health and One Welfare approaches in promoting the health and welfare of organic dairy cattle -- Chapter 6. The lives of calves from organic dairy farms -- Chapter 7. Improving herd health management and disease prevention in organic dairy cattle farming -- Chapter 8. The use of plant bio-active compounds and other alternative therapeutic strategies in organic dairy farming -- Chapter 9. Improving the management of parasites in organic dairy farming -- Chapter 10. An ethical framework for the responsible use of technology in organic dairy farming -- Part 3. General issues in use of insect protein -- Chapter 11. Integration of organic dairy cattle into a whole farm context -- Chapter 12. How can organic dairy farming address and improve biodiversity and healthy ecosystems? -- Chapter 13. Market structures of organic dairy farming and consumer attitudes towards organic milk processing -- Chapter 14. Organic dairy farming as part of sustainable ecological and social food systems -- Index. 330 $a?This 400-page book explores how organic dairy farming addresses challenges including environmental impact, animal welfare and antibiotic resistance. The book is aimed at academics, international policy professionals and organic farmers seeking research-based guidance, however it would also be a valuable addition to undergraduate reading lists in food science, biological sciences and agriculture. This is a timely and well-written resource.? (Book Review Published in the International Journal of Dairy Technology) The dairy sector continues to face increasing scrutiny for its environmental impact and contribution to climate change.It must also address consumer concerns surrounding issues such as animal welfare, antibiotic usage/resistance and the ethics of intensive production systems. Advances in organic dairy cattle farmingconsiders how organic dairy farming has the potential to address these challenges whilst also meeting the key organic principles of health, ecology, fairness and care. The book reviews advances in areas such as breeding, optimising pasture-based production and organic milk quality, improving the health and welfare of calves and adult cows, as well as promoting biodiversity and the move to a more circular, sustainable bioeconomy. 410 0$aBurleigh Dodds Series in Agricultural Science,$x2059-6944 ;$v153 606 $aAgriculture 606 $aAgriculture 615 0$aAgriculture. 615 14$aAgriculture. 676 $a636.2142 702 $aVaarst$b Mette 702 $aRoderick$b Stephen 702 $aWhistance$b Lindsay 801 0$bMiAaPQ 801 1$bMiAaPQ 801 2$bMiAaPQ 906 $aBOOK 912 $a9911049166603321 996 $aAdvances in organic dairy cattle farming$94533741 997 $aUNINA